000 00215nam a22000857a 4500
008 161114b xxu||||| |||| 00| 0 eng d
100 _91194
_aScott.P.
245 _aTargetting Mathematics-2
260 _aNew Delhi
_bMEB
_c2012
999 _c3882
_d3882